15 Largest Cities in Turkey🇹🇷 - Statistics

General Stats
  • This quiz has been taken 117 times
    24 since last reset
  • The average score is 10 of 15
Answer Stats
Population City % Correct
5.8 mil Ankara
100%
15.6 mil Istanbul
100%
2.7 mil Antalya
96%
3.2 mil Bursa
96%
4.5 mil İzmir
96%
2.2 mil Gaziantep
92%
2.3 mil Adana
83%
2.3 mil Konya
79%
1,9 mil Mersin
71%
1.8 mil Diyarbakır
63%
1.4 mil Kayseri
63%
2.2 mil Şanlıurfa
29%
2.1 mil Kocaeli
13%
1.5 mil Manisa
13%
1.5 mil Hatay
8%
No matching quizzes found
Score Distribution
Percent of People with Each Score
Percentile by Number Answered
Your Score History
You have not taken this quiz since the last reset